000 00524nam a2200169Ia 4500
999 _c20227
_d20227
003 OSt
005 20200630145050.0
008 190216s9999||||xx |||||||||||||| ||und||
020 _a0521099749
040 _coclc
082 _a909.08
_bPOT/N
100 _aPotter, G R
_93365
245 4 _aThe New Cambridge Modern History:
_bThe Renaissance 1493 -1520 /
_cG R Potter ; Denys Hay
260 _bCambridge Uty Press,
_c1976.
_aLondon:
300 _a532p
942 _cBK
_2ddc
_h909.08
_iPOT/N
_k909.08
_mPOT/N